00436nam a2200169Ia 450000500170000000800410001702000150005808200130007310000180008624500520010425000090015626000460016530000160021165000090022765000180023665000120025420240530040918.0240331s9999 xx 000 0 und d a9555520615 bCOOa340 aCooray, L.J.M 3aAn introductin to the legal system of Sri Lanka a1 st aColombobLake House investments Ltdc1972 ax, 208 p ., aLaws aLegal systems aHistory